[Event "Seville-ch"]
[Site "Seville"]
[Date "2017.03.11"]
[Round "7"]
[White "Ferrer Freyre, David"]
[Black "Montiel Dominguez, Jose Luis"]
[Result "1-0"]
[WhiteElo "2019"]
[BlackElo "1927"]
[PlyCount "121"]
[EventDate "2017.01.28"]
[EventType "swiss"]
[EventRounds "9"]
[EventCountry "ESP"]
[SourceTitle "EXT 2018"]
[Source "ChessBase"]
[SourceDate "2017.10.13"]
[SourceVersion "1"]
[SourceVersionDate "2017.10.13"]
[SourceQuality "1"]

1. e4 c5 2. Nf3 d6 3. d4 cxd4 4. Nxd4 Nf6 5. Nc3 a6 6. Bc4 g6 7. 0-0 Bg7 8. h3 0-0 9. Bb3 Nc6 10. Nxc6 bxc6 11. Be3 Bd7 12. Qd3 Qa5 13. Rad1 Qh5 14. Bc1 Rab8 15. Rfe1 Qh4 16. Qe3 h6 17. Qf4 Qxf4 18. Bxf4 Be6 19. e5 Nh5 20. Bh2 Bxe5 21. Bxe5 dxe5 22. Rxe5 Nf4 23. Rd4 Nd5 24. Nxd5 cxd5 25. Ra4 Rb6 26. c3 Rd8 27. Rd4 Rdd6 28. Kf1 Kg7 29. Ke2 f6 30. Re3 f5 31. Kd2 Kf6 32. Kc1 g5 33. g3 Bf7 34. f4 e6 35. Bd1 Be8 36. a4 a5 37. Bf3 Bd7 38. Be2 Rb7 39. Bd1 Rdb6 40. Re2 Be8 41. Rf2 Bf7 42. g4 Bg6 43. gxf5 Bxf5 44. fxg5+ hxg5 45. Bg4 Rd6 46. h4 gxh4 47. Bxf5 exf5 48. Rxh4 Rg7 49. Rh8 Rg4 50. Rf8+ Ke6 51. R8xf5 Rxa4 52. Rf6+ Kd7 53. Rf7+ Kc6 54. Ra7 Kb6 55. Rff7 Rc6 56. Rab7+ Ka6 57. Kb1 d4 58. b3 Ra3 59. Ra7+ Kb6 60. Rfb7+ Kc5 61. cxd4+ 1-0

[Event "Seville-ch"]
[Site "Seville"]
[Date "2014.03.22"]
[Round "9.9"]
[White "Gonzalez Marquez, Antonio Jesus"]
[Black "Ferrer Freyre, David"]
[Result "0-1"]
[WhiteElo "2056"]
[BlackElo "2014"]
[PlyCount "72"]
[EventDate "2014.01.25"]
[EventType "swiss"]
[EventRounds "9"]
[EventCountry "ESP"]
[SourceTitle "EXT 2024"]
[Source "ChessBase"]
[SourceDate "2023.10.10"]
[SourceVersion "1"]
[SourceVersionDate "2023.10.10"]
[SourceQuality "1"]

1. e4 c6 2. d4 d5 3. Nc3 dxe4 4. Nxe4 Nd7 5. Nf3 Ngf6 6. Ng3 e6 7. Bd3 Qc7 8. Ng5 Nb6 9. Bd2 h6 10. N5e4 Nbd5 11. Qf3 Be7 12. c4 Nxe4 13. Nxe4 Nf6 14. 0-0 Nxe4 15. Bxe4 Bg5 16. Bb4 a5 17. Bc3 Bf6 18. Rad1 0-0 19. Bd2 Qe7 20. Qh5 Bg5 21. f4 Bf6 22. Be3 c5 23. Rf3 cxd4 24. Rg3 Bh4 25. Rxg7+ Kxg7 26. Qg4+ Kh8 27. Bxd4+ Bf6 28. Be3 Bg7 29. Qh5 f5 30. Bf3 Bd7 31. g4 Bc6 32. Be2 Rad8 33. g5 Rxd1+ 34. Bxd1 Qf7 35. Qh3 Rd8 36. Bh5 Qe7 0-1

[Event "Seville-ch"]
[Site "Seville"]
[Date "2014.02.22"]
[Round "5.6"]
[White "Ruiz Rodriguez, Jose Manuel"]
[Black "Ferrer Freyre, David"]
[Result "1-0"]
[WhiteElo "2001"]
[BlackElo "2014"]
[PlyCount "78"]
[EventDate "2014.01.25"]
[EventType "swiss"]
[EventRounds "9"]
[EventCountry "ESP"]
[SourceTitle "EXT 2024"]
[Source "ChessBase"]
[SourceDate "2023.10.10"]
[SourceVersion "1"]
[SourceVersionDate "2023.10.10"]
[SourceQuality "1"]

1. d4 Nf6 2. c4 e6 3. g3 c5 4. Nf3 cxd4 5. Nxd4 Bb4+ 6. Nd2 Nc6 7. Nxc6 bxc6 8. Bg2 a5 9. 0-0 0-0 10. e4 e5 11. a3 Be7 12. Re1 Re8 13. Nf1 Bc5 14. Be3 Qb6 15. Bxc5 Qxc5 16. Ne3 Re6 17. b4 axb4 18. axb4 Rxa1 19. bxc5 Rxd1 20. Rxd1 g6 21. f3 Kf8 22. Bh3 Re8 23. Ra1 Ke7 24. Ra7 Kf8 25. Kf2 d5 26. Bxc8 Rxc8 27. cxd5 cxd5 28. exd5 Rxc5 29. d6 Rc8 30. g4 h6 31. h4 Rd8 32. Nc4 Ne8 33. d7 Nf6 34. Nxe5 g5 35. hxg5 hxg5 36. Rc7 Ke7 37. Nc6+ Kd6 38. Nxd8 Kxc7 39. Nxf7 Nxg4+ 1-0